00722 a2200181 4500003000400000005001700004008004100021020001800062040000900080082001700089100003000106245012600136260005600262300001400318942004000332952015100372999001700523OSt20250702151501.0250702b |||||||| |||| 00| 0 eng d a9788197654626 coclc a307.3bANT/E aAntony Reji, Beena910596 aEmpowering Communities:bCommunity development through student outreach and internship /cBeena Antony Reji, Pooja Khanna aChennai:bAne Publishers & Distributors LLP,c2025. a236 pages 2ddccBKh307.3iANT/Ek307.3mANT/E 00102ddc40708SOCIAL SCIENCEaMESbMEScSOCIAL SCIENCEd2025-07-02l0o307.3 ANT/Ep46060r2025-07-02 15:14:48v1100.00w2025-07-02yBKzGL40R1 c44598d44598